000 00989cam a2200325 i 4500
001 200441358
003 TR-AnTOB
005 20260107090517.0
007 ta
008 811120m19671968ge a 000 0 ger
010 _a 71442555
040 _aDLC
_beng
_erda
_cCarP
_dTR-AnTOB
041 0 _ager
050 0 0 _aTP145
_b.W55
090 _aTOBBK TP145
_b.W55
100 _aWinnacker, Karl
_9106790
245 0 0 _aChemische Technologie.
250 _a2., überarb. und verb.
_bAufl.
264 1 _aMünchen :
_bC. Hanser,
_c1970.
300 _avolumes ;
_c25 cm
336 _atext
_btxt
_2rdacontent
337 _aunmediated
_bn
_2rdamedia
338 _avolume
_bnc
_2rdacarrier
500 _aBd. 1-2. Anorganische Technologie.--Bd. 3-5. Organische Technologie.--Bd. 6. Metallurgie.--Bd. 7. Allgemeines.
650 0 _aChemical engineering
_9721
650 0 _aChemical industry
_931935
942 _2z
_cBK
999 _c200441358
_d59570